Groundwater ecology / (Record no. 7098)

MARC details
000 -LEADER
fixed length control field 01087nac a22003251i 4500
003 - CONTROL NUMBER IDENTIFIER
control field EG-ScBUE
005 - DATE AND TIME OF LATEST TRANSACTION
control field 20260414144717.0
008 - FIXED-LENGTH DATA ELEMENTS--GENERAL INFORMATION
fixed length control field 260414t1994 cauab f 001 0 eng d
020 ## - INTERNATIONAL STANDARD BOOK NUMBER
International Standard Book Number 0122821106
020 ## - INTERNATIONAL STANDARD BOOK NUMBER
International Standard Book Number 9780122821103
040 ## - CATALOGING SOURCE
Original cataloging agency EG-ScBUE
Language of cataloging eng
Description conventions rda
Transcribing agency EG-ScBUE
Modifying agency EG-ScBUE
082 04 - DEWEY DECIMAL CLASSIFICATION NUMBER
Classification number 574.52632
Item number GRO
Edition number 22
245 00 - TITLE STATEMENT
Title Groundwater ecology /
Statement of responsibility, etc edited by Janine Gibert, Dan L. Danielopol, Jack A. Stanford.
264 #1 - PUBLICATION, DISTRIBUTION, ETC. (IMPRINT)
Place of publication, distribution, etc San Diego :
Name of publisher, distributor, etc Academic Press,
Date of publication, distribution, etc [1994]
264 #4 - PUBLICATION, DISTRIBUTION, ETC. (IMPRINT)
Date of publication, distribution, etc c1994
300 ## - PHYSICAL DESCRIPTION
Extent xvii, 571 pages :
Other physical details illustrations (some color), maps ;
Dimensions 24 cm.
336 ## - CONTENT TYPE
Source rdacontent
Content type term text
Content type code txt
337 ## - MEDIA TYPE
Media type term unmediated
Source rdamedia
Media type code n
338 ## - CARRIER TYPE
Carrier type term volume
Carrier type code nc
Source rdacarrier
490 0# - SERIES STATEMENT
Series statement Aquatic biology [sic] series
504 ## - BIBLIOGRAPHY, ETC. NOTE
Bibliography, etc Includes bibliographical references and index.
650 #7 - SUBJECT ADDED ENTRY--TOPICAL TERM
Topical term or geographic name as entry element Groundwater ecology.
Source of heading or term BUEsh
650 #7 - SUBJECT ADDED ENTRY--TOPICAL TERM
Topical term or geographic name as entry element Groundwater.
Source of heading or term BUEsh
650 #7 - SUBJECT ADDED ENTRY--TOPICAL TERM
Topical term or geographic name as entry element Aquifers.
Source of heading or term BUEsh
655 ## - INDEX TERM--GENRE/FORM
Form subdivision Reading book
700 1# - ADDED ENTRY--PERSONAL NAME
Personal name Gibert, Janine,
Relator term editor.
700 1# - ADDED ENTRY--PERSONAL NAME
Personal name Danielopol, Dan.
Relator term editor.
700 1# - ADDED ENTRY--PERSONAL NAME
Personal name Stanford, Jack Arthur,
Titles and other words associated with a name 1947-
Relator term editor.
942 ## - ADDED ENTRY ELEMENTS (KOHA)
Koha item type Book - Borrowing
Source of classification or shelving scheme Dewey Decimal Classification
Holdings
Withdrawn status Lost status Source of classification or shelving scheme Damaged status Not for loan Collection code Home library Current library Shelving location Date acquired Source of acquisition Total Checkouts Full call number Barcode Date last seen Price effective from Koha item type
    Dewey Decimal Classification     Baccah Central Library Central Library First floor 02/01/2008 Purchase   574.52632 GRO 000008727 15/07/2025 02/01/2008 Book - Borrowing